[Event "Portugal Open Semirrapidas"]
[Site "Lisboa POR"]
[Date "2020.02.02"]
[Round "8.30"]
[White "FERNANDES, Alberto"]
[Black "MORAIS, Vitor"]
[Result "1-0"]
[BlackElo "1883"]
[WhiteElo "2082"]
[LiveChessVersion "1.4.8"]

1. Nf3 {[%clk 0:15:08]} b6 {[%clk 0:15:13]} 2. b3 {[%clk 0:15:11]} Bb7
{[%clk 0:15:17]} 3. Bb2 {[%clk 0:15:15]} d5 4. d4 {[%clk 0:15:11]} e6
{[%clk 0:15:23]} 5. g3 {[%clk 0:14:53]} Nf6 {[%clk 0:15:27]} 6. Bg2
{[%clk 0:14:57]} Bd6 {[%clk 0:15:30]} 7. O-O {[%clk 0:15:00]} O-O
{[%clk 0:15:34]} 8. c4 {[%clk 0:14:59]} c5 {[%clk 0:15:37]} 9. Nc3
{[%clk 0:14:43]} dxc4 {[%clk 0:15:34]} 10. bxc4 {[%clk 0:14:37]} cxd4
{[%clk 0:15:35]} 11. Qxd4 {[%clk 0:14:27]} Bc5 {[%clk 0:15:38]} 12. Qh4
{[%clk 0:14:29]} Nbd7 {[%clk 0:15:34]} 13. Rfd1 {[%clk 0:14:23]} Qe7
{[%clk 0:15:33]} 14. Rd2 {[%clk 0:13:58]} Rfd8 {[%clk 0:15:37]} 15. Rad1
{[%clk 0:14:02]} Nf8 {[%clk 0:15:41]} 16. Nb5 {[%clk 0:13:46]} Rxd2
{[%clk 0:15:40]} 17. Rxd2 {[%clk 0:13:50]} a6 {[%clk 0:15:33]} 18. Nc3
{[%clk 0:12:47]} Rd8 {[%clk 0:15:33]} 19. Na4 {[%clk 0:12:26]} Bxf3
{[%clk 0:15:33]} 20. Rxd8 {[%clk 0:12:25]} Qxd8 {[%clk 0:15:34]} 21. Bxf3
{[%clk 0:12:23]} Qd1+ {[%clk 0:15:04]} 22. Kg2 {[%clk 0:12:27]} Qxa4
{[%clk 0:15:08]} 23. Qg5 {[%clk 0:11:33]} h6 {[%clk 0:14:58]} 24. Qh4
{[%clk 0:10:48]} Ng6 {[%clk 0:15:02]} 25. Qh3 {[%clk 0:10:43]} Qxc4
{[%clk 0:14:58]} 26. Bxf6 {[%clk 0:10:37]} gxf6 {[%clk 0:15:02]} 27. Qxh6
{[%clk 0:10:40]} Qxa2 {[%clk 0:14:52]} 28. h4 {[%clk 0:10:43]} Bf8
{[%clk 0:14:34]} 29. Qe3 {[%clk 0:10:39]} Qa3 {[%clk 0:14:38]} 30. Qxb6
{[%clk 0:10:41]} Ne5 {[%clk 0:14:35]} 31. Bb7 {[%clk 0:09:50]} a5
{[%clk 0:14:38]} 32. h5 {[%clk 0:09:51]} Qb4 {[%clk 0:14:40]} 33. Qa6
{[%clk 0:09:36]} Bc5 {[%clk 0:14:30]} 34. e3 {[%clk 0:08:13]} Nd3
{[%clk 0:14:14]} 35. Bf3 {[%clk 0:06:43]} Qd2 {[%clk 0:14:12]} 36. Qa8+
{[%clk 0:06:21]} Kg7 {[%clk 0:14:15]} 37. h6+ {[%clk 0:06:19]} Kh7 38. Be4+
{[%clk 0:05:50]} f5 {[%clk 0:14:08]} 39. Bxd3 {[%clk 0:05:45]} Qxd3
{[%clk 0:14:12]} 40. Qxa5 Qd5+ {[%clk 0:13:56]} 41. Kg1 {[%clk 0:05:28]} Kxh6
{[%clk 0:13:57]} 42. Qc3 {[%clk 0:05:24]} e5 {[%clk 0:13:25]} 43. Qa5
{[%clk 0:05:12]} Kg7 {[%clk 0:13:22]} 44. Qa4 {[%clk 0:05:03]} Qe4
{[%clk 0:13:02]} 45. Qd1 {[%clk 0:04:37]} Be7 {[%clk 0:12:07]} 46. Qh5
{[%clk 0:04:27]} Bf6 {[%clk 0:12:06]} 47. Kf1 {[%clk 0:04:18]} Qg4
{[%clk 0:12:03]} 48. Qh1 {[%clk 0:04:16]} e4 {[%clk 0:12:08]} 49. Qh2
{[%clk 0:03:57]} Bg5 {[%clk 0:11:55]} 50. Ke1 {[%clk 0:03:18]} Qf3
{[%clk 0:11:56]} 51. Qh3 {[%clk 0:03:11]} Bf6 {[%clk 0:11:43]} 52. Kf1
{[%clk 0:03:02]} Qg4 {[%clk 0:11:39]} 53. Qh2 {[%clk 0:03:00]} Bc3
{[%clk 0:11:32]} 54. Kg1 {[%clk 0:02:52]} Bd2 {[%clk 0:11:34]} 55. Qg2
{[%clk 0:02:37]} f6 {[%clk 0:10:50]} 56. Kh2 {[%clk 0:02:07]} Qf3
{[%clk 0:10:44]} 57. Qg1 {[%clk 0:02:04]} Bc3 {[%clk 0:10:34]} 58. Qf1
{[%clk 0:01:57]} Be5 {[%clk 0:10:37]} 59. Qg1 {[%clk 0:01:40]} Kg6
{[%clk 0:10:27]} 60. Kh3 {[%clk 0:01:41]} f4 {[%clk 0:10:13]} 61. exf4
{[%clk 0:01:36]} Bxf4 {[%clk 0:10:17]} 62. Kh2 {[%clk 0:01:29]} Bg5
{[%clk 0:10:15]} 63. Qe1 {[%clk 0:01:28]} f5 {[%clk 0:09:58]} 64. Qf1
{[%clk 0:01:21]} e3 {[%clk 0:09:59]} 65. Qa6+ {[%clk 0:01:23]} Qc6
{[%clk 0:09:57]} 66. Qxc6+ {[%clk 0:03:30]} Bf6 {[%clk 0:10:00]} 67. fxe3
{[%clk 0:03:31]} 1-0

[Event "Portugal Open Semirrapidas"]
[Site "Lisboa POR"]
[Date "2020.02.02"]
[Round "8.31"]
[White "CHENNAOUI, Yasin"]
[Black "SANTOS, Pedro Rosa"]
[Result "1-0"]
[BlackElo "1817"]
[WhiteElo "2076"]
[LiveChessVersion "1.4.8"]

1. c4 {[%clk 0:15:09]} e5 {[%clk 0:15:02]} 2. g3 {[%clk 0:15:14]} g6
{[%clk 0:15:05]} 3. Bg2 {[%clk 0:15:16]} Bg7 {[%clk 0:15:09]} 4. Nc3
{[%clk 0:15:20]} Ne7 {[%clk 0:15:12]} 5. e3 {[%clk 0:15:18]} O-O {[%clk 0:15:05]}
6. Nge2 {[%clk 0:15:22]} c6 {[%clk 0:15:09]} 7. d4 {[%clk 0:15:09]} d5
{[%clk 0:13:59]} 8. cxd5 {[%clk 0:15:10]} exd4 {[%clk 0:14:03]} 9. Nxd4 Nxd5
{[%clk 0:13:50]} 10. Nxd5 {[%clk 0:14:59]} cxd5 {[%clk 0:13:54]} 11. O-O
{[%clk 0:14:53]} Nc6 {[%clk 0:13:49]} 12. Ne2 {[%clk 0:14:47]} Be6
{[%clk 0:13:49]} 13. Nf4 {[%clk 0:14:49]} Ne7 {[%clk 0:12:53]} 14. Qb3
{[%clk 0:14:24]} Qd7 {[%clk 0:11:36]} 15. Bd2 {[%clk 0:13:44]} g5
{[%clk 0:10:49]} 16. Nxe6 {[%clk 0:13:33]} fxe6 {[%clk 0:10:52]} 17. Bc3
{[%clk 0:13:16]} Nc6 {[%clk 0:10:46]} 18. Rad1 {[%clk 0:12:45]} Bxc3
{[%clk 0:10:25]} 19. bxc3 {[%clk 0:12:37]} Na5 {[%clk 0:09:43]} 20. Qb4
{[%clk 0:12:36]} Qc7 {[%clk 0:08:54]} 21. Qg4 {[%clk 0:12:37]} Qe5
{[%clk 0:07:35]} 22. h4 {[%clk 0:12:23]} h6 {[%clk 0:07:22]} 23. hxg5
{[%clk 0:12:17]} hxg5 {[%clk 0:07:18]} 24. e4 {[%clk 0:11:14]} Rac8
{[%clk 0:03:25]} 25. exd5 {[%clk 0:10:14]} Qf5 {[%clk 0:03:25]} 26. Qd4
{[%clk 0:07:50]} b6 {[%clk 0:01:38]} 27. dxe6 {[%clk 0:06:51]} Qf6
{[%clk 0:00:18]} 28. f4 {[%clk 0:05:25]} Rxc3 {[%clk 0:00:08]} 29. Qxf6
{[%clk 0:05:14]} Rxf6 {[%clk 0:00:12]} 30. Rd8+ {[%clk 0:03:01]} Kg7
{[%clk 0:00:00]} 31. e7 {[%clk 0:03:01]} 1-0

[Event "Portugal Open Semirrapidas"]
[Site "Lisboa POR"]
[Date "2020.02.02"]
[Round "8.32"]
[White "COUNHAGO, Edgar"]
[Black "BOTELHO, Luis"]
[Result "1-0"]
[BlackElo "2050"]
[WhiteElo "1793"]
[LiveChessVersion "1.4.8"]

1. g3 {[%clk 0:15:09]} g6 {[%clk 0:15:09]} 2. c4 {[%clk 0:15:13]} Bg7
{[%clk 0:15:13]} 3. Bg2 {[%clk 0:15:17]} c5 {[%clk 0:15:16]} 4. Nc3
{[%clk 0:15:20]} Nc6 {[%clk 0:15:20]} 5. e3 {[%clk 0:15:18]} Nf6 {[%clk 0:15:06]}
6. Nge2 {[%clk 0:15:21]} O-O {[%clk 0:14:54]} 7. d4 {[%clk 0:15:23]} cxd4
{[%clk 0:14:55]} 8. exd4 {[%clk 0:15:27]} d5 {[%clk 0:14:37]} 9. cxd5
{[%clk 0:15:03]} Nb4 {[%clk 0:14:41]} 10. O-O {[%clk 0:14:48]} Nbxd5
{[%clk 0:14:42]} 11. Bg5 {[%clk 0:14:22]} Bg4 {[%clk 0:14:03]} 12. Qd2
{[%clk 0:13:57]} Be6 {[%clk 0:13:27]} 13. Nf4 {[%clk 0:13:01]} Nxf4
{[%clk 0:13:19]} 14. Bxf4 {[%clk 0:13:01]} Nd5 {[%clk 0:13:21]} 15. Bh6
{[%clk 0:12:22]} Bxh6 {[%clk 0:12:57]} 16. Qxh6 {[%clk 0:12:25]} Qa5
{[%clk 0:12:58]} 17. Ne4 {[%clk 0:11:15]} Nf6 {[%clk 0:11:58]} 18. Nxf6+
{[%clk 0:10:16]} exf6 {[%clk 0:12:02]} 19. Qf4 {[%clk 0:09:07]} Kg7
{[%clk 0:11:55]} 20. Rfc1 {[%clk 0:09:00]} Rac8 {[%clk 0:11:53]} 21. Bxb7
{[%clk 0:08:34]} Rxc1+ {[%clk 0:11:38]} 22. Qxc1 {[%clk 0:08:29]} Qb6
{[%clk 0:11:39]} 23. d5 {[%clk 0:06:18]} Qxb7 {[%clk 0:10:41]} 24. dxe6
{[%clk 0:06:20]} fxe6 {[%clk 0:10:45]} 25. Qd2 {[%clk 0:05:45]} Rf7
{[%clk 0:09:51]} 26. Rd1 {[%clk 0:05:48]} h5 {[%clk 0:09:30]} 27. h4
{[%clk 0:05:45]} Qa6 {[%clk 0:08:35]} 28. a3 {[%clk 0:04:44]} Rb7
{[%clk 0:08:29]} 29. Qc3 {[%clk 0:04:37]} Qe2 {[%clk 0:08:13]} 30. Rd2
{[%clk 0:04:23]} Qe1+ {[%clk 0:07:54]} 31. Kg2 {[%clk 0:04:26]} Qe4+
{[%clk 0:07:58]} 32. f3 {[%clk 0:04:21]} Qb1 {[%clk 0:06:40]} 33. b4
{[%clk 0:04:15]} Re7 {[%clk 0:06:15]} 34. Qc2 {[%clk 0:04:04]} Qa1
{[%clk 0:06:12]} 35. Qb2 {[%clk 0:04:06]} Qe1 {[%clk 0:06:08]} 36. Re2
{[%clk 0:04:05]} Qd1 {[%clk 0:06:09]} 37. Qc2 {[%clk 0:03:58]} Qd5
{[%clk 0:06:10]} 38. Rd2 {[%clk 0:03:57]} Qb7 {[%clk 0:06:06]} 39. Re2
{[%clk 0:03:08]} e5 {[%clk 0:06:01]} 40. Qe4 {[%clk 0:02:40]} Qa6
{[%clk 0:05:48]} 41. Ra2 {[%clk 0:02:15]} Rd7 {[%clk 0:05:43]} 42. a4
{[%clk 0:02:10]} Qe6 {[%clk 0:05:40]} 43. Rc2 {[%clk 0:02:00]} Qb3
{[%clk 0:05:38]} 44. b5 {[%clk 0:01:51]} Rd4 {[%clk 0:03:49]} 45. Rc7+
{[%clk 0:00:58]} Kh6 {[%clk 0:03:52]} 46. Qc2 {[%clk 0:00:37]} Qe3
{[%clk 0:03:39]} 47. Qc1 {[%clk 0:00:14]} Rd2+ {[%clk 0:03:42]} 48. Kh3
{[%clk 0:00:18]} g5 {[%clk 0:03:33]} 49. hxg5+ {[%clk 0:00:22]} Qxg5
{[%clk 0:03:01]} 50. Qb1 {[%clk 0:00:18]} f5 {[%clk 0:02:33]} 51. Rc6+
{[%clk 0:00:22]} Kg7 {[%clk 0:02:20]} 52. Rc7+ {[%clk 0:00:25]} Kf6
{[%clk 0:01:57]} 53. Rc6+ {[%clk 0:00:28]} Kg7 {[%clk 0:01:39]} 54. Rc7+
{[%clk 0:00:32]} Kh8 {[%clk 0:01:36]} 55. Rc8+ {[%clk 0:00:35]} Kg7
{[%clk 0:01:04]} 56. Rc7+ {[%clk 0:00:39]} Kg6 {[%clk 0:00:38]} 57. Rc6+
{[%clk 0:00:43]} Kg7 {[%clk 0:00:35]} 58. Rc7+ {[%clk 0:00:47]} Kh8
{[%clk 0:00:33]} 59. Rc8+ {[%clk 0:00:50]} Kg7 {[%clk 0:00:30]} 60. Rc7+
{[%clk 0:00:54]} Kh8 {[%clk 0:00:25]} 61. Rc8+ {[%clk 0:00:55]} Kg7
{[%clk 0:00:29]} 62. Qb4 {[%clk 0:00:47]} Rd4 {[%clk 0:00:00]} 63. Qf8+ Kh7 64.
Rc7+ Kg6 65. Rc6+ Rd2 66. Qh6+ Kxh6 67. Rc7 e4 68. Rc6+ h4 69. Rc8 1-0

[Event "Portugal Open Semirrapidas"]
[Site "Lisboa POR"]
[Date "2020.02.02"]
[Round "8.33"]
[White "GOMES, Jose Luis"]
[Black "LEAO, Tiago"]
[Result "0-1"]
[BlackElo "2050"]
[WhiteElo "1736"]
[LiveChessVersion "1.4.8"]

1. c4 {[%clk 0:15:05]} Nf6 2. Nc3 {[%clk 0:15:06]} e6 {[%clk 0:15:09]} 3. e4
{[%clk 0:14:56]} e5 {[%clk 0:14:20]} 4. d3 {[%clk 0:14:44]} Nc6 {[%clk 0:14:01]}
5. Nf3 {[%clk 0:14:42]} Bc5 {[%clk 0:13:55]} 6. Be2 {[%clk 0:14:29]} h6
{[%clk 0:13:38]} 7. O-O {[%clk 0:14:29]} d6 8. h3 {[%clk 0:14:29]} Be6
{[%clk 0:13:44]} 9. a3 {[%clk 0:14:13]} Qd7 {[%clk 0:13:24]} 10. Nd5
{[%clk 0:12:41]} Nd4 {[%clk 0:12:18]} 11. b4 {[%clk 0:12:29]} Nxf3+
{[%clk 0:12:00]} 12. Bxf3 {[%clk 0:12:28]} Bd4 {[%clk 0:12:05]} 13. Rb1
{[%clk 0:12:13]} c6 {[%clk 0:11:54]} 14. Ne3 {[%clk 0:12:03]} g5 {[%clk 0:11:16]}
15. Bb2 {[%clk 0:11:11]} h5 {[%clk 0:10:37]} 16. Bxd4 {[%clk 0:10:00]} exd4
{[%clk 0:10:41]} 17. Nf5 {[%clk 0:09:42]} Bxf5 {[%clk 0:07:23]} 18. exf5
{[%clk 0:09:45]} Qxf5 {[%clk 0:06:52]} 19. Re1+ {[%clk 0:08:51]} Kf8
{[%clk 0:06:27]} 20. b5 {[%clk 0:08:15]} g4 {[%clk 0:05:26]} 21. Be4
{[%clk 0:08:07]} Nxe4 {[%clk 0:05:07]} 22. Rxe4 {[%clk 0:08:09]} gxh3
{[%clk 0:02:48]} 23. Qf3 {[%clk 0:04:11]} Qxf3 {[%clk 0:02:01]} 24. gxf3
{[%clk 0:04:14]} c5 {[%clk 0:01:53]} 25. Kh2 {[%clk 0:03:49]} Re8
{[%clk 0:01:43]} 26. Rbe1 {[%clk 0:03:45]} Rxe4 {[%clk 0:01:33]} 27. Rxe4
{[%clk 0:03:29]} Rg8 {[%clk 0:01:38]} 28. Kxh3 {[%clk 0:03:21]} Rg1
{[%clk 0:01:42]} 29. Kh2 {[%clk 0:03:12]} Rd1 30. Rh4 {[%clk 0:02:51]} Rxd3
{[%clk 0:01:40]} 31. Rxh5 {[%clk 0:02:50]} Rxf3 {[%clk 0:01:10]} 32. Kg2
{[%clk 0:02:54]} Rc3 {[%clk 0:01:10]} 33. f4 {[%clk 0:02:25]} Ke7
{[%clk 0:01:11]} 34. Rh8 {[%clk 0:02:00]} Rxa3 {[%clk 0:01:06]} 35. Rb8
{[%clk 0:02:04]} b6 {[%clk 0:01:09]} 36. Kf2 {[%clk 0:02:02]} Ke6
{[%clk 0:01:03]} 37. Rb7 {[%clk 0:02:00]} f6 {[%clk 0:01:00]} 38. Ke2
{[%clk 0:02:02]} Kf5 {[%clk 0:01:04]} 39. Rf7 {[%clk 0:02:04]} Rc3
{[%clk 0:00:37]} 40. Rxa7 {[%clk 0:02:05]} Rxc4 {[%clk 0:00:41]} 41. Ra6
{[%clk 0:02:08]} Ke4 {[%clk 0:00:32]} 42. Rxb6 {[%clk 0:02:10]} Rc2+
{[%clk 0:00:37]} 43. Kd1 {[%clk 0:02:13]} Rb2 {[%clk 0:00:31]} 44. Kc1
{[%clk 0:02:10]} Rb4 {[%clk 0:00:30]} 45. Rb8 {[%clk 0:02:10]} Kxf4
{[%clk 0:00:28]} 46. b6 {[%clk 0:02:14]} Ke5 {[%clk 0:00:27]} 47. b7
{[%clk 0:02:13]} Kd5 {[%clk 0:00:31]} 48. Kd2 {[%clk 0:02:12]} Kc6
{[%clk 0:00:32]} 49. Rf8 {[%clk 0:02:15]} Rxb7 {[%clk 0:00:34]} 50. Rxf6
{[%clk 0:02:19]} Rb3 {[%clk 0:00:37]} 51. Kc2 {[%clk 0:02:22]} Rc3+
{[%clk 0:00:40]} 52. Kd2 {[%clk 0:02:26]} Kd5 {[%clk 0:00:44]} 53. Rh6
{[%clk 0:02:28]} Rg3 {[%clk 0:00:43]} 54. Rh2 {[%clk 0:02:31]} Kc4
{[%clk 0:00:44]} 55. Rf2 {[%clk 0:02:33]} d5 {[%clk 0:00:46]} 56. Kc2
{[%clk 0:02:37]} Ra3 {[%clk 0:00:48]} 0-1

[Event "Portugal Open Semirrapidas"]
[Site "Lisboa POR"]
[Date "2020.02.02"]
[Round "8.34"]
[White "FERNANDES, Joao Pedro"]
[Black "VINAGRE, Pedro"]
[Result "0-1"]
[BlackElo "1800"]
[WhiteElo "2021"]
[LiveChessVersion "1.4.8"]

1. e4 {[%clk 0:15:09]} e5 {[%clk 0:15:06]} 2. Nf3 {[%clk 0:15:12]} Nc6
{[%clk 0:15:10]} 3. Bb5 {[%clk 0:15:15]} a6 {[%clk 0:15:13]} 4. Ba4
{[%clk 0:15:18]} Nf6 {[%clk 0:15:10]} 5. O-O {[%clk 0:15:20]} b5 {[%clk 0:15:14]}
6. Bb3 {[%clk 0:15:23]} Be7 {[%clk 0:15:18]} 7. Re1 {[%clk 0:15:23]} O-O
{[%clk 0:15:14]} 8. d3 {[%clk 0:15:20]} d6 {[%clk 0:14:59]} 9. c3
{[%clk 0:15:21]} Nb8 {[%clk 0:13:30]} 10. Nbd2 {[%clk 0:15:12]} Nbd7
{[%clk 0:13:31]} 11. Nf1 {[%clk 0:15:10]} Nc5 {[%clk 0:13:29]} 12. Bc2
{[%clk 0:15:07]} Bb7 {[%clk 0:13:24]} 13. Ng3 {[%clk 0:14:47]} g6
{[%clk 0:13:25]} 14. b4 {[%clk 0:14:37]} Ne6 {[%clk 0:13:19]} 15. a4
{[%clk 0:14:35]} c5 {[%clk 0:12:29]} 16. axb5 {[%clk 0:13:23]} axb5
{[%clk 0:12:31]} 17. Rxa8 {[%clk 0:13:22]} Qxa8 {[%clk 0:12:34]} 18. Bb3
{[%clk 0:13:05]} Qc8 {[%clk 0:11:42]} 19. Bb2 {[%clk 0:10:47]} Bd8
{[%clk 0:11:05]} 20. Nf1 {[%clk 0:10:20]} Bb6 {[%clk 0:10:51]} 21. Ne3
{[%clk 0:10:10]} Re8 {[%clk 0:09:29]} 22. Qa1 {[%clk 0:09:28]} Nf4
{[%clk 0:08:48]} 23. Rd1 {[%clk 0:08:49]} Ng4 {[%clk 0:05:57]} 24. Qa2
{[%clk 0:08:33]} Nxe3 {[%clk 0:05:27]} 25. fxe3 {[%clk 0:08:35]} c4
{[%clk 0:05:23]} 26. dxc4 {[%clk 0:08:11]} Bxe3+ {[%clk 0:05:26]} 27. Kh1
{[%clk 0:07:55]} Qg4 {[%clk 0:04:59]} 28. Bc1 {[%clk 0:07:44]} Bxc1
{[%clk 0:04:48]} 29. Rxc1 {[%clk 0:07:44]} Bxe4 {[%clk 0:04:50]} 30. Rf1
{[%clk 0:07:20]} Ra8 {[%clk 0:04:18]} 31. Qd2 {[%clk 0:06:37]} Ra3
{[%clk 0:01:24]} 32. Bd1 {[%clk 0:06:28]} bxc4 {[%clk 0:01:14]} 33. Rg1
{[%clk 0:05:41]} Nd3 {[%clk 0:00:39]} 34. Nxe5 {[%clk 0:05:07]} Qf5
{[%clk 0:00:21]} 35. Nxd3 {[%clk 0:04:57]} Bxd3 {[%clk 0:00:21]} 36. Qe3
{[%clk 0:04:46]} Rxc3 {[%clk 0:00:15]} 37. Qd4 {[%clk 0:04:26]} Qe5
{[%clk 0:00:16]} 38. Qb6 {[%clk 0:04:20]} Rc1 {[%clk 0:00:13]} 39. b5
{[%clk 0:03:44]} c3 {[%clk 0:00:10]} 40. Qd8+ {[%clk 0:03:34]} Kg7
{[%clk 0:00:14]} 41. b6 {[%clk 0:03:33]} c2 {[%clk 0:00:07]} 42. b7
{[%clk 0:03:19]} cxd1=Q {[%clk 0:00:09]} 0-1

[Event "Portugal Open Semirrapidas"]
[Site "Lisboa POR"]
[Date "2020.02.02"]
[Round "8.35"]
[White "NUNES, Adelino"]
[Black "TIERES, Cristiano"]
[Result "0-1"]
[BlackElo "2021"]
[WhiteElo "1518"]
[LiveChessVersion "1.4.8"]

1. e4 {[%clk 0:15:08]} c5 {[%clk 0:14:32]} 2. Nf3 {[%clk 0:15:10]} d6
{[%clk 0:14:13]} 3. c4 {[%clk 0:15:11]} e5 {[%clk 0:14:15]} 4. g3
{[%clk 0:15:15]} Be7 {[%clk 0:14:18]} 5. Bg2 {[%clk 0:15:18]} Nc6
{[%clk 0:14:21]} 6. d3 {[%clk 0:15:22]} f5 {[%clk 0:14:25]} 7. exf5
{[%clk 0:15:25]} Bxf5 {[%clk 0:14:29]} 8. a3 {[%clk 0:15:23]} Nf6
{[%clk 0:14:24]} 9. Nc3 {[%clk 0:15:23]} O-O {[%clk 0:14:27]} 10. O-O
{[%clk 0:15:26]} Qd7 {[%clk 0:14:28]} 11. Be3 {[%clk 0:14:55]} Bg4
{[%clk 0:14:25]} 12. Qd2 {[%clk 0:14:47]} Bxf3 {[%clk 0:14:22]} 13. Bxf3
{[%clk 0:14:45]} Nd4 {[%clk 0:14:26]} 14. Bxd4 {[%clk 0:14:43]} cxd4
{[%clk 0:14:30]} 15. Bd5+ {[%clk 0:14:20]} Kh8 {[%clk 0:14:32]} 16. Ne4
{[%clk 0:14:23]} Nxd5 {[%clk 0:14:10]} 17. cxd5 {[%clk 0:14:24]} Qb5
{[%clk 0:14:02]} 18. b4 {[%clk 0:13:53]} Qxd5 {[%clk 0:14:04]} 19. Qa2
{[%clk 0:13:55]} Qxa2 {[%clk 0:14:03]} 20. Rxa2 {[%clk 0:13:58]} Rac8
{[%clk 0:14:00]} 21. Rd2 {[%clk 0:13:45]} b6 {[%clk 0:14:04]} 22. Kg2
{[%clk 0:13:47]} d5 {[%clk 0:14:07]} 23. Re1 {[%clk 0:12:51]} Kg8
{[%clk 0:13:57]} 24. f3 {[%clk 0:12:23]} dxe4 {[%clk 0:13:59]} 25. Rxe4
{[%clk 0:12:24]} Bf6 {[%clk 0:13:55]} 26. f4 {[%clk 0:12:22]} exf4
{[%clk 0:13:55]} 27. Rxf4 {[%clk 0:12:23]} Bg5 {[%clk 0:13:56]} 28. Rxf8+
{[%clk 0:12:23]} Rxf8 {[%clk 0:14:00]} 29. Rf2 {[%clk 0:12:22]} Rxf2+
{[%clk 0:14:01]} 30. Kxf2 Kf7 31. Kf3 Ke6 32. Ke4 {[%clk 0:12:18]} Be3
{[%clk 0:14:03]} 33. a4 {[%clk 0:12:18]} a6 {[%clk 0:14:06]} 34. b5 axb5 35. axb5
{[%clk 0:12:15]} Kd6 {[%clk 0:14:09]} 36. h4 {[%clk 0:12:19]} Kc5
{[%clk 0:14:12]} 37. g4 {[%clk 0:12:13]} Kxb5 {[%clk 0:14:15]} 38. g5
{[%clk 0:12:16]} Kc5 {[%clk 0:14:18]} 39. Kf5 {[%clk 0:12:17]} b5
{[%clk 0:14:22]} 40. h5 {[%clk 0:12:21]} b4 {[%clk 0:14:25]} 41. h6
{[%clk 0:12:21]} gxh6 {[%clk 0:14:27]} 42. gxh6 {[%clk 0:12:24]} b3
{[%clk 0:14:28]} 0-1

[Event "Portugal Open Semirrapidas"]
[Site "Lisboa POR"]
[Date "2020.02.02"]
[Round "8.36"]
[White "CARDOSO, Miguel Sanchez"]
[Black "NETO, Horacio"]
[Result "0-1"]
[BlackElo "2006"]
[WhiteElo "1781"]
[LiveChessVersion "1.4.8"]

1. d4 {[%clk 0:15:07]} Nf6 {[%clk 0:15:09]} 2. Nf3 {[%clk 0:15:11]} d5
{[%clk 0:15:11]} 3. e3 {[%clk 0:15:15]} c6 {[%clk 0:15:07]} 4. Bd3
{[%clk 0:15:19]} Bg4 {[%clk 0:14:57]} 5. c4 {[%clk 0:15:22]} e6 {[%clk 0:15:00]}
6. Qb3 {[%clk 0:15:26]} Qb6 {[%clk 0:14:55]} 7. Nbd2 {[%clk 0:15:15]} Nbd7
{[%clk 0:14:47]} 8. h3 {[%clk 0:15:02]} Bxf3 {[%clk 0:14:29]} 9. gxf3
{[%clk 0:14:52]} g6 {[%clk 0:12:32]} 10. f4 {[%clk 0:13:55]} Bg7 {[%clk 0:12:34]}
11. Qc2 {[%clk 0:13:20]} O-O {[%clk 0:12:21]} 12. Nf3 {[%clk 0:13:21]} c5
{[%clk 0:12:17]} 13. Ne5 Rac8 {[%clk 0:10:52]} 14. O-O {[%clk 0:10:27]} cxd4
{[%clk 0:10:03]} 15. exd4 {[%clk 0:10:11]} dxc4 {[%clk 0:09:45]} 16. Nxc4
{[%clk 0:09:21]} Qc7 {[%clk 0:09:06]} 17. Qe2 {[%clk 0:08:52]} Nd5
{[%clk 0:08:50]} 18. Ne5 {[%clk 0:08:28]} N7f6 {[%clk 0:07:19]} 19. Bd2
{[%clk 0:08:17]} Nh5 {[%clk 0:07:09]} 20. Qf3 {[%clk 0:07:55]} Qe7
{[%clk 0:06:42]} 21. Be4 {[%clk 0:07:21]} Rfd8 {[%clk 0:06:15]} 22. Rac1
{[%clk 0:07:16]} Rxc1 {[%clk 0:05:08]} 23. Rxc1 {[%clk 0:07:20]} Nhf6
{[%clk 0:03:21]} 24. Be3 {[%clk 0:06:48]} Nxe4 {[%clk 0:03:21]} 25. Qxe4
{[%clk 0:06:49]} Qh4 {[%clk 0:03:10]} 26. Kg2 {[%clk 0:06:23]} h5
{[%clk 0:03:02]} 27. Qf3 {[%clk 0:04:24]} Qf6 {[%clk 0:02:41]} 28. a3
{[%clk 0:03:57]} Qf5 {[%clk 0:02:09]} 29. Bd2 {[%clk 0:02:02]} Kh7
{[%clk 0:01:50]} 30. Kg3 {[%clk 0:01:57]} Bh6 {[%clk 0:01:42]} 31. h4
{[%clk 0:01:50]} Kg8 {[%clk 0:01:26]} 32. Nd3 {[%clk 0:01:06]} Nf6
{[%clk 0:01:08]} 33. Bc3 {[%clk 0:01:02]} Ne4+ {[%clk 0:01:09]} 34. Kh2
{[%clk 0:01:00]} Nf6 {[%clk 0:00:35]} 35. Ne5 {[%clk 0:00:58]} Nd5
{[%clk 0:00:37]} 36. Kg3 {[%clk 0:00:56]} Bxf4+ {[%clk 0:00:38]} 37. Kg2
{[%clk 0:00:26]} Bxc1 {[%clk 0:00:41]} 38. Qd1 {[%clk 0:00:26]} Bf4
{[%clk 0:00:28]} 39. Qb3 {[%clk 0:00:23]} Bxe5 {[%clk 0:00:27]} 40. dxe5
{[%clk 0:00:27]} Qg4+ {[%clk 0:00:29]} 41. Kf1 {[%clk 0:00:25]} Nxc3
{[%clk 0:00:30]} 0-1